[Event "Druga liga Srbije grupa Vojvod"]
[Site "Sombor"]
[Date "2009.09.30"]
[Round "6.1"]
[White "Roganovic, Milos"]
[Black "Velickovic, Sasa"]
[Result "1-0"]
[WhiteElo "2474"]
[BlackElo "2420"]
[PlyCount "62"]
[EventDate "2009.09.27"]

1. e4 c5 2. Nf3 e6 3. d4 cxd4 4. Nxd4 Nf6 5. Nc3 d6 6. g4 h6 7. h4 Nc6 8. Rg1
Nd7 9. g5 Nxd4 10. Qxd4 hxg5 11. Bxg5 f6 12. Be3 a6 13. O-O-O Qa5 14. Be2 b5
15. e5 Nxe5 16. f4 Nc4 17. Qe4 Rb8 18. Qg6+ Kd8 19. Bd4 Bd7 20. Bxf6+ Kc7 21.
Bd4 Rxh4 22. Qg5 Nxb2 23. Kxb2 Rh3 24. Rg3 Rh2 25. Ka1 Rc8 26. f5 Kb8 27. Qe3
exf5 28. Bf3 f4 29. Ba7+ Kc7 30. Qd4 Be6 31. Rxg7+ Bxg7 1-0

[Event "Druga liga Srbije grupa Vojvod"]
[Site "Sombor"]
[Date "2009.09.30"]
[Round "6.1"]
[White "Andrijevic, Milan"]
[Black "Balog, Imre"]
[Result "0-1"]
[WhiteElo "2377"]
[BlackElo "2464"]
[PlyCount "92"]
[EventDate "2009.09.27"]

1. e4 e5 2. Nf3 Nc6 3. Bb5 a6 4. Ba4 Nf6 5. O-O b5 6. Bb3 Be7 7. Re1 O-O 8. h3
d6 9. c3 Nb8 10. d4 Nbd7 11. Nbd2 Bb7 12. Bc2 Re8 13. Nf1 Bf8 14. Ng3 g6 15. a4
c5 16. d5 c4 17. Be3 Nc5 18. Qd2 Nfd7 19. Nh2 h5 20. Bg5 Be7 21. Bh6 Nb6 22.
axb5 axb5 23. Qe3 Kh7 24. Nf3 h4 25. Nf1 Rxa1 26. Rxa1 Nba4 27. Qc1 Bc8 28.
N1h2 Rh8 29. Be3 Kg7 30. Ra2 Bd7 31. Ne1 Qc7 32. f4 Nb3 33. Qd1 exf4 34. Bxb3
fxe3 35. Bxa4 bxa4 36. Qd4+ Bf6 37. Qxe3 Qb7 38. Nc2 Qb3 39. Nb4 Rb8 40. Nc6
Re8 41. Ra1 Qxb2 42. Rf1 Qxc3 43. Qa7 Bxc6 44. Rxf6 Qxf6 45. dxc6 Rxe4 46. Nf3
c3 0-1

[Event "Druga liga Srbije grupa Vojvod"]
[Site "Sombor"]
[Date "2009.09.30"]
[Round "6.1"]
[White "Dekic, Josip"]
[Black "Popovic, Milos T"]
[Result "0-1"]
[WhiteElo "2323"]
[BlackElo "2401"]
[PlyCount "96"]
[EventDate "2009.09.27"]

1. e4 c5 2. Nf3 d6 3. d4 cxd4 4. Nxd4 Nf6 5. Nc3 Bd7 6. Bc4 Nc6 7. Bb3 g6 8. h3
Bg7 9. Be3 O-O 10. O-O Qa5 11. f4 Rac8 12. Qd3 Nb4 13. Qd2 Na6 14. Bd5 Nxd5 15.
exd5 Nc5 16. Rae1 Na4 17. Nb3 Bxc3 18. Nxa5 Bxd2 19. Bxd2 Rfe8 20. Nxb7 Rxc2
21. Be3 Rxb2 22. Na5 Nc3 23. Rf2 Rxf2 24. Bxf2 Nxd5 25. Rb1 a6 26. Rb7 Bb5 27.
g3 f5 28. Nb3 e5 29. fxe5 dxe5 30. Nc5 Nc3 31. Nd7 Bxd7 32. Rxd7 Nxa2 33. Be1
Nc1 34. Kf2 Nb3 35. Bb4 Nd4 36. Be7 Nc6 37. Bg5 Re6 38. Ke3 a5 39. h4 h5 40.
Kd3 e4+ 41. Ke3 a4 42. Rc7 Nb4 43. Rb7 Rb6 44. Ra7 a3 45. Ra8+ Kf7 46. Ra7+ Ke6
47. Rg7 Kd5 48. Bd8 Ra6 0-1

[Event "Druga liga Srbije grupa Vojvod"]
[Site "Sombor"]
[Date "2009.09.30"]
[Round "6.1"]
[White "Radlovacki, Jovan"]
[Black "Jotic, Vladimir"]
[Result "0-1"]
[WhiteElo "2379"]
[BlackElo "2323"]
[PlyCount "102"]
[EventDate "2009.09.27"]

1. e4 c5 2. Nf3 Nc6 3. d3 g6 4. g3 Bg7 5. Bg2 e5 6. O-O Nge7 7. c3 O-O 8. Be3
d6 9. Na3 h6 10. Qd2 Kh7 11. d4 exd4 12. cxd4 f5 13. exf5 Nxf5 14. dxc5 Nxe3
15. Qxe3 Re8 16. Qd2 dxc5 17. Rad1 Qf6 18. Nh4 Bg4 19. Bxc6 Qxc6 20. f3 Bd4+
21. Kg2 Be6 22. b3 Qa6 23. Nc4 b5 24. Na5 Rad8 25. Qc2 Bf7 26. b4 c4 27. Kh1
Qb6 28. Rfe1 Bf6 29. Ng2 Rxe1+ 30. Rxe1 Rd3 31. Nf4 Rxf3 32. Qe4 Ra3 33. Nc6
Rxa2 34. Rf1 Ra6 35. Ne5 Bxe5 36. Qxe5 Qf6 37. Qe2 Ra1 38. Rxa1 Qxa1+ 39. Kg2
Qf6 40. h4 Qd6 41. Qe3 a6 42. Qc3 g5 43. hxg5 hxg5 44. Nh3 Bd5+ 45. Kh2 Qg6 46.
Qd2 Qd3 47. Qf2 c3 48. Qb6 Qe2+ 49. Nf2 c2 50. Qc7+ Kg6 51. Qd6+ Be6 0-1

[Event "Druga liga Srbije grupa Vojvod"]
[Site "Sombor"]
[Date "2009.09.30"]
[Round "6.1"]
[White "Strangar, Zlatko"]
[Black "Kostic, Vladimir V"]
[Result "1/2-1/2"]
[WhiteElo "2192"]
[BlackElo "2296"]
[PlyCount "63"]
[EventDate "2009.09.27"]

1. e4 c5 2. Nf3 Nc6 3. g3 g6 4. Bg2 Bg7 5. d3 d6 6. O-O e6 7. Re1 Nge7 8. c3
Qb6 9. Nbd2 O-O 10. Qe2 Bd7 11. Nc4 Qc7 12. a4 e5 13. Nh4 Rae8 14. Rf1 f5 15.
f4 Kh8 16. Nf3 Be6 17. Bd2 Bg8 18. Rae1 a6 19. fxe5 Nxe5 20. Ncxe5 dxe5 21.
exf5 Nxf5 22. g4 Nd6 23. Ng5 c4 24. Kh1 b5 25. axb5 axb5 26. Bc1 Qd8 27. Qe3
Rxf1+ 28. Rxf1 cxd3 29. Qxd3 Qe7 30. Qh3 Rf8 31. Rxf8 Qxf8 32. Qf3 1/2-1/2

[Event "Druga liga Srbije grupa Vojvod"]
[Site "Sombor"]
[Date "2009.09.30"]
[Round "6.2"]
[White "Jesenski, Tibor"]
[Black "Somborski, Nebojsa"]
[Result "1/2-1/2"]
[WhiteElo "2289"]
[BlackElo "2379"]
[PlyCount "22"]
[EventDate "2009.09.27"]

1. d4 d5 2. c4 e6 3. Nc3 c5 4. e3 Nf6 5. Nf3 Nc6 6. a3 a6 7. cxd5 exd5 8. dxc5
Bxc5 9. Be2 O-O 10. O-O Ba7 11. b4 d4 1/2-1/2

[Event "Druga liga Srbije grupa Vojvod"]
[Site "Sombor"]
[Date "2009.09.30"]
[Round "6.2"]
[White "Bodiroga, Predrag"]
[Black "Tancik, Kristijan"]
[Result "1/2-1/2"]
[WhiteElo "2410"]
[BlackElo "2251"]
[PlyCount "138"]
[EventDate "2009.09.27"]

1. d4 d5 2. c4 c6 3. Nc3 Nf6 4. e3 e6 5. Nf3 Nbd7 6. Qc2 Bd6 7. e4 dxe4 8. Nxe4
Nxe4 9. Qxe4 c5 10. Bg5 Be7 11. Bxe7 Qa5+ 12. Nd2 Kxe7 13. g3 cxd4 14. Qxd4
Qe5+ 15. Qxe5 Nxe5 16. f4 Nc6 17. Bg2 Bd7 18. O-O-O Nb4 19. a3 Nd3+ 20. Kc2 Nf2
21. Bxb7 Rab8 22. Bf3 Nxh1 23. Rxh1 a5 24. b3 Rhc8 25. Re1 f6 26. Kc3 Rc7 27.
Bd1 Bc6 28. b4 axb4+ 29. axb4 Rcb7 30. b5 Bxb5 31. cxb5 Rxb5 32. Bb3 R5b6 33.
Bc4 Rd8 34. Nb3 Rdd6 35. Nd4 g6 36. g4 Kd7 37. Re3 Rb1 38. Bxe6+ Kd8 39. Bb3
Rc1+ 40. Kd3 Rg1 41. h3 Rb1 42. Ke4 Rh1 43. Bc4 Rd7 44. g5 fxg5 45. Ne6+ Ke7
46. fxg5 Rdd1 47. Nd4 Rde1 48. Be2 Kd6 49. Nf3 Ra1 50. Rd3+ Ke7 51. Nd4 Ra4 52.
Bg4 Re1+ 53. Kf3 Ra6 54. Ne2 Rf1+ 55. Kg2 Rf7 56. Nc3 Rd6 57. Re3+ Kf8 58. Ne4
Rd8 59. Nc5 Re8 60. Ne6+ Kg8 61. Kg3 Ra7 62. Bd1 Rae7 63. Bb3 Kh8 64. Kf4 Rf7+
65. Kg4 Rfe7 66. h4 Rb8 67. Bd5 Rb5 68. Rc3 h5+ 69. gxh6 Rxd5 1/2-1/2

[Event "Druga liga Srbije grupa Vojvod"]
[Site "Sombor"]
[Date "2009.09.30"]
[Round "6.2"]
[White "Pletl, Akos"]
[Black "Lalic, Dragan"]
[Result "1/2-1/2"]
[WhiteElo "2219"]
[BlackElo "2353"]
[PlyCount "43"]
[EventDate "2009.09.27"]

1. d4 d5 2. c4 c6 3. Nf3 Nf6 4. Qb3 g6 5. g3 Bg7 6. Bg2 O-O 7. O-O b6 8. cxd5
cxd5 9. Nc3 Bb7 10. Bf4 Nc6 11. Rac1 Rc8 12. Bh3 e6 13. Rfd1 Ne4 14. Ne5 g5 15.
Nxc6 Rxc6 16. Be3 Nxc3 17. Rxc3 Rxc3 18. Qxc3 Qe7 19. Qd2 h6 20. f4 gxf4 21.
Bxf4 Qf6 22. Be5 1/2-1/2

[Event "Druga liga Srbije grupa Vojvod"]
[Site "Sombor"]
[Date "2009.09.30"]
[Round "6.2"]
[White "Damjanovic, Dragan"]
[Black "Guzsvany, Arpad"]
[Result "1-0"]
[WhiteElo "2255"]
[BlackElo "2130"]
[PlyCount "67"]
[EventDate "2009.09.27"]

1. d4 d5 2. c4 c6 3. Nf3 Nf6 4. e3 a6 5. Bd3 b5 6. b3 Bg4 7. Qc2 Nbd7 8. Nbd2
e6 9. O-O Bd6 10. a4 bxc4 11. bxc4 c5 12. cxd5 Nxd5 13. Ba3 Bxf3 14. Nxf3 Nb4
15. Bxb4 cxb4 16. Qc6 Ke7 17. Bxa6 Qa5 18. Bb5 Ra7 19. Qe4 Nf6 20. Qh4 Rb8 21.
Rab1 h6 22. Ne5 Rc7 23. Nc6+ Rxc6 24. Bxc6 Kf8 25. e4 Be7 26. Qf4 Rc8 27. Bb5
g5 28. Qe3 Rc3 29. Qe2 b3 30. e5 Nd5 31. Qh5 Kg7 32. Be8 Qb6 33. Qxf7+ Kh8 34.
Qg6 1-0

[Event "Druga liga Srbije grupa Vojvod"]
[Site "Sombor"]
[Date "2009.09.30"]
[Round "6.2"]
[White "Gabric, Goran"]
[Black "Vukic, Radivoj"]
[Result "0-1"]
[WhiteElo "2116"]
[BlackElo "2350"]
[PlyCount "52"]
[EventDate "2009.09.27"]

1. e4 c6 2. d4 d5 3. exd5 cxd5 4. Nf3 Nc6 5. c4 Nf6 6. h3 e6 7. Nc3 Be7 8. Bd3
Nb4 9. Be2 dxc4 10. Bxc4 O-O 11. O-O b6 12. a3 Nbd5 13. Bg5 Bb7 14. Be2 Rc8 15.
Nxd5 Nxd5 16. Bxe7 Nxe7 17. Qd2 Nf5 18. Rfd1 Qd6 19. g4 Ne7 20. Ne5 Ng6 21. Qb4
Qd8 22. Nxg6 fxg6 23. Rd3 Qd5 24. f3 Ba6 25. Re3 Bxe2 26. Rxe2 Qxf3 0-1

[Event "Druga liga Srbije grupa Vojvod"]
[Site "Sombor"]
[Date "2009.09.30"]
[Round "6.2"]
[White "Strbac, Mladen"]
[Black "Cabarkapa, Novak"]
[Result "1/2-1/2"]
[WhiteElo "2259"]
[BlackElo "2033"]
[PlyCount "51"]
[EventDate "2009.09.27"]

1. e4 d5 2. exd5 Nf6 3. Bb5+ Nbd7 4. Nc3 a6 5. Bxd7+ Bxd7 6. Nge2 Bg4 7. f3 Bf5
8. Ng3 Bg6 9. f4 h6 10. f5 Bh7 11. Qf3 Qd7 12. O-O O-O-O 13. d4 Nxd5 14. Nce4
Nf6 15. Nc5 Qxd4+ 16. Be3 Qd5 17. Qe2 e6 18. Rad1 Qc6 19. Rxd8+ Kxd8 20. Nb3
Kc8 21. Nd4 Qd7 22. fxe6 fxe6 23. Bf2 Bd6 24. Qxe6 Qxe6 25. Nxe6 Bxc2 26. Bd4
1/2-1/2

[Event "Druga liga Srbije grupa Vojvod"]
[Site "Sombor"]
[Date "2009.09.30"]
[Round "6.3"]
[White "Solodovnichenko, Yuri"]
[Black "Svetushkin, Dmitry"]
[Result "1/2-1/2"]
[WhiteElo "2601"]
[BlackElo "2570"]
[PlyCount "67"]
[EventDate "2009.09.27"]

1. e4 c5 2. Nf3 e6 3. d4 cxd4 4. Nxd4 Nc6 5. Nc3 Qc7 6. Be3 a6 7. Qd2 Nf6 8.
O-O-O Be7 9. f4 Bb4 10. Bd3 Ng4 11. Bg1 Bxc3 12. bxc3 b5 13. Nxc6 Qxc6 14. Bd4
Nf6 15. Rhe1 Bb7 16. g4 h6 17. f5 O-O-O 18. Kb2 Nxg4 19. Bxg7 Rh7 20. Bd4 e5
21. Rg1 h5 22. h3 exd4 23. hxg4 dxc3+ 24. Qxc3 hxg4 25. Rxg4 Re8 26. Qd4 f6 27.
Rg6 Re5 28. a4 bxa4 29. Ra1 Rh2 30. Qxa4 Qb6+ 31. Qb3 Qd4+ 32. Qc3+ Qxc3+ 33.
Kxc3 Bxe4 34. Rxf6 1/2-1/2

[Event "Druga liga Srbije grupa Vojvod"]
[Site "Sombor"]
[Date "2009.09.30"]
[Round "6.3"]
[White "Djuric, Stefan"]
[Black "Mozetic, Dejan"]
[Result "1-0"]
[WhiteElo "2414"]
[BlackElo "2421"]
[PlyCount "73"]
[EventDate "2009.09.27"]

1. e4 g6 2. d4 d6 3. Nf3 Bg7 4. Be2 Nf6 5. Nc3 O-O 6. O-O e6 7. h3 a6 8. Bg5 h6
9. Bh4 Nc6 10. Re1 b6 11. Bf1 Bb7 12. Qd2 Ne7 13. Bxf6 Bxf6 14. Qxh6 Bg7 15.
Qd2 c5 16. Rad1 cxd4 17. Nxd4 Qc7 18. Nf3 Rfd8 19. Qf4 Nc6 20. Ng5 b5 21. a3
Rac8 22. h4 Qe7 23. Rd3 Bh6 24. Qh2 b4 25. axb4 Nxb4 26. Rf3 Bxg5 27. hxg5 Qxg5
28. Rh3 Nxc2 29. Rh8+ Kg7 30. Rh7+ Kf8 31. Rd1 Qe5 32. Qh4 Ke8 33. Rd3 Nd4 34.
Rg3 g5 35. Rxg5 Qf6 36. Rg8+ Ke7 37. Rxf7+ 1-0

[Event "Druga liga Srbije grupa Vojvod"]
[Site "Sombor"]
[Date "2009.09.30"]
[Round "6.3"]
[White "Miranovic, Rajko"]
[Black "Nestorovic, Nikola"]
[Result "1-0"]
[WhiteElo "2385"]
[BlackElo "2412"]
[PlyCount "107"]
[EventDate "2009.09.27"]

1. e4 e5 2. Nf3 Nc6 3. Bb5 a6 4. Ba4 Nf6 5. O-O b5 6. Bb3 Be7 7. Re1 O-O 8. c3
d6 9. h3 Na5 10. Bc2 c5 11. d4 Nd7 12. d5 Nb6 13. Nbd2 f5 14. exf5 Bxf5 15.
Bxf5 Rxf5 16. Ne4 Qd7 17. b3 Raf8 18. Nh2 Bd8 19. Ng4 Nb7 20. f3 Qe8 21. Ne3
Rf4 22. c4 Qg6 23. Kh1 b4 24. a3 a5 25. axb4 cxb4 26. Ng4 R4f5 27. Be3 Nd7 28.
Qe2 Bb6 29. Bxb6 Nxb6 30. c5 dxc5 31. Qb5 h5 32. Ne3 R5f7 33. Qc6 Qxc6 34. dxc6
Nd8 35. Rxa5 Nxc6 36. Rxc5 Nd4 37. Rxe5 h4 38. Rd1 Rd7 39. Nc5 Rdd8 40. Re4 Ne2
41. Rxd8 Rxd8 42. Rxh4 Nd5 43. Ne6 Nxe3 44. Nxd8 Nf5 45. Rg4 Nfg3+ 46. Rxg3
Nxg3+ 47. Kh2 Nf1+ 48. Kg1 Ne3 49. Nc6 Nd5 50. Kf2 Kf7 51. f4 Ke6 52. Kf3 Kd6
53. Nd4 Kc5 54. Ne6+ 1-0

[Event "Druga liga Srbije grupa Vojvod"]
[Site "Sombor"]
[Date "2009.09.30"]
[Round "6.3"]
[White "Kosanovic, Goran A"]
[Black "Stojanovic, Zoran"]
[Result "1-0"]
[WhiteElo "2371"]
[BlackElo "2266"]
[PlyCount "63"]
[EventDate "2009.09.27"]

1. e4 c6 2. d4 d5 3. e5 Bf5 4. Bg5 Qb6 5. Bd3 Bxd3 6. Qxd3 e6 7. Nc3 Qa6 8. Qg3
h6 9. Qh3 Ne7 10. Nge2 b5 11. Bxe7 Bxe7 12. Qg4 g6 13. O-O Nd7 14. Nf4 h5 15.
Qh3 Nf8 16. Nd3 Qb6 17. Ne2 Nh7 18. Kh1 c5 19. dxc5 Bxc5 20. f4 O-O-O 21. b4
Be7 22. a4 g5 23. axb5 g4 24. Qg3 Rd7 25. Ra6 Qxb5 26. Rfa1 Qc4 27. Qe3 Qe4 28.
Qf2 d4 29. Rxa7 Rxa7 30. Rxa7 Re8 31. Qxd4 Qc6 32. b5 1-0

[Event "Druga liga Srbije grupa Vojvod"]
[Site "Sombor"]
[Date "2009.09.30"]
[Round "6.3"]
[White "Rogac, Srdjan"]
[Black "Klasan, Vladimir"]
[Result "1/2-1/2"]
[WhiteElo "2289"]
[BlackElo "2320"]
[PlyCount "87"]
[EventDate "2009.09.27"]

1. e4 c5 2. c3 d5 3. exd5 Qxd5 4. d4 Nf6 5. Nf3 Bg4 6. Be2 e6 7. O-O Nc6 8. h3
Bh5 9. Be3 cxd4 10. cxd4 Bb4 11. a3 Ba5 12. b4 Bb6 13. Nc3 Qd6 14. Qd2 O-O 15.
Rfd1 Rfd8 16. Rac1 Rac8 17. Nb5 Qe7 18. Nc3 Bxf3 19. Bxf3 Nxd4 20. Bxd4 Bxd4
21. Nb5 Bb6 22. Rxc8 Rxc8 23. Qd6 Qe8 24. Qe5 Rd8 25. Rxd8 Qxd8 26. Nd6 Qc7 27.
Nc4 Qxe5 28. Nxe5 Bc7 29. Ng4 Nd5 30. Ne3 Nxe3 31. fxe3 b6 32. Kf2 Kf8 33. Ke2
Bd6 34. Kd3 a5 35. bxa5 bxa5 36. a4 Bc5 37. Bc6 Ke7 38. e4 Kd6 39. Be8 f6 40.
Bf7 Ke5 41. Ke2 f5 42. exf5 Kxf5 43. Kd3 e5 44. Bd5 1/2-1/2

[Event "Druga liga Srbije grupa Vojvod"]
[Site "Sombor"]
[Date "2009.09.30"]
[Round "6.3"]
[White "Nestorovic, Lazar"]
[Black "Bokan, Danko"]
[Result "1-0"]
[WhiteElo "2259"]
[BlackElo "2287"]
[PlyCount "103"]
[EventDate "2009.09.27"]

1. e4 e5 2. Nf3 Nc6 3. Bb5 f5 4. d3 fxe4 5. dxe4 Bb4+ 6. Bd2 Bxd2+ 7. Qxd2 Nf6
8. Nc3 O-O 9. O-O-O d6 10. Bxc6 bxc6 11. Nxe5 Qe8 12. Nd3 Nxe4 13. Nxe4 Qxe4
14. Qa5 Qd5 15. Qxd5+ cxd5 16. Rhe1 c5 17. c3 d4 18. cxd4 c4 19. Nb4 Rxf2 20.
Rd2 Rxd2 21. Kxd2 Bb7 22. g3 Kf7 23. Nc2 g6 24. Ne3 Rc8 25. Rc1 Ba6 26. Re1 Bb7
27. Rc1 Ba6 28. Rc3 Rb8 29. Kc2 Ke6 30. Ra3 Rb6 31. Ra5 Bb5 32. Rxa7 h5 33. Rg7
Kf6 34. Rc7 Kg5 35. h4+ Kh6 36. Nxc4 Ra6 37. a3 g5 38. hxg5+ Kxg5 39. Ne3 Ra8
40. Rg7+ Kf6 41. Rb7 Bc6 42. Rb6 Be4+ 43. Kd2 Ke7 44. Rb5 Rh8 45. b3 Ke6 46. a4
Bf3 47. a5 Rg8 48. a6 Rxg3 49. d5+ Bxd5 50. Nxd5 Rg2+ 51. Kc3 Ra2 52. Nb4 1-0

[Event "Druga liga Srbije grupa Vojvod"]
[Site "Sombor"]
[Date "2009.09.30"]
[Round "6.4"]
[White "Cirjanic, Velibor"]
[Black "Galyas, Miklos"]
[Result "1/2-1/2"]
[WhiteElo "2186"]
[BlackElo "2464"]
[PlyCount "61"]
[EventDate "2009.09.27"]

1. e4 e6 2. d4 d5 3. Nd2 Be7 4. Bd3 c5 5. dxc5 Nf6 6. exd5 Qxd5 7. Ngf3 Nbd7 8.
Nb3 O-O 9. O-O Nxc5 10. Nxc5 Qxc5 11. b3 b6 12. Bb2 Bb7 13. Qe2 Qh5 14. Ne5
Qxe2 15. Bxe2 Rac8 16. c4 Rfd8 17. Rfd1 Ne4 18. Rxd8+ Rxd8 19. Rd1 Rxd1+ 20.
Bxd1 f6 21. Nd3 e5 22. f3 Nc5 23. Nxc5 Bxc5+ 24. Kf1 Kf7 25. Bc2 g6 26. Be4
Bxe4 27. fxe4 Ke6 28. Ke2 f5 29. Kf3 h5 30. Bc1 Be7 31. h3 1/2-1/2

[Event "Druga liga Srbije grupa Vojvod"]
[Site "Sombor"]
[Date "2009.09.30"]
[Round "6.4"]
[White "Vlatkovic, Milos"]
[Black "Pavlovic, Nenad"]
[Result "0-1"]
[WhiteElo "2302"]
[BlackElo "2190"]
[PlyCount "149"]
[EventDate "2009.09.27"]

1. d4 Nf6 2. c4 e6 3. Nc3 Bb4 4. Qc2 O-O 5. a3 Bxc3+ 6. Qxc3 b6 7. Bg5 Bb7 8.
Nf3 d6 9. Nd2 Nbd7 10. f3 c5 11. e4 cxd4 12. Qxd4 Qc7 13. Be2 Qc5 14. Be3 a5
15. b3 Rfd8 16. O-O Rac8 17. Rfd1 Qc7 18. Qb2 Bc6 19. Rac1 Qb7 20. Nb1 Ne8 21.
Nc3 Ne5 22. Nb5 Bxb5 23. cxb5 Nd7 24. Rxc8 Rxc8 25. Rc1 Kf8 26. Rc2 Nef6 27.
Qc1 Rxc2 28. Qxc2 Nb8 29. Qc3 Nfd7 30. Bd4 e5 31. Bf2 Ke7 32. Bc4 Qc7 33. Qe3
h6 34. g4 Nc5 35. g5 hxg5 36. Qxg5+ Kf8 37. h4 Qe7 38. Qf5 Nbd7 39. h5 Ne6 40.
Kf1 Qf6 41. Qg4 Qh6 42. Bxe6 fxe6 43. Ke2 Qf6 44. Be3 Qf7 45. Qh4 Ke8 46. h6
gxh6 47. Qxh6 d5 48. exd5 exd5 49. Qc6 Qf5 50. Qxd5 Qc2+ 51. Ke1 Qb1+ 52. Ke2
Qb2+ 53. Kd1 Qxa3 54. Qe6+ Qe7 55. Qc6 Kf7 56. Bxb6 Nxb6 57. Qxb6 Qd7+ 58. Ke2
Qh3 59. Qc7+ Kf6 60. Qd6+ Kf7 61. Qxe5 Qg2+ 62. Ke3 Qg1+ 63. Ke4 Qb1+ 64. Kf4
Qxb3 65. Qc7+ Kf6 66. Qd6+ Kf7 67. b6 Qc4+ 68. Kg3 Qf1 69. Qd7+ Kf6 70. Qd4+
Kg5 71. Qe3+ Kh5 72. b7 Qb5 73. Qe4 a4 74. Qh7+ Kg5 75. Qg8+ 0-1

[Event "Druga liga Srbije grupa Vojvod"]
[Site "Sombor"]
[Date "2009.09.30"]
[Round "6.4"]
[White "Kotrla, Sebastijan"]
[Black "Mijatovic, Dejan"]
[Result "0-1"]
[WhiteElo "2052"]
[BlackElo "2283"]
[PlyCount "112"]
[EventDate "2009.09.27"]

1. c4 Nf6 2. Nc3 e6 3. g3 d5 4. cxd5 exd5 5. d4 c6 6. Bg2 Bd6 7. Nf3 Nbd7 8.
O-O O-O 9. Bf4 Bxf4 10. gxf4 Re8 11. Ne5 Nf8 12. Qd2 Bf5 13. f3 Nh5 14. e4 Bc8
15. Ne2 f6 16. Nd3 f5 17. e5 Qh4 18. Qe1 Qxe1 19. Rfxe1 Ne6 20. Kf2 b6 21. Bh3
g6 22. Rg1 Kf7 23. Ke3 Ba6 24. Rgd1 c5 25. Bf1 cxd4+ 26. Nxd4 Nxd4 27. Kxd4
Bxd3 28. Rxd3 Nxf4 29. Rc3 Re7 30. Rc6 Rd8 31. Rd6 Red7 32. Rf6+ Ke7 33. Rc1
Ne6+ 34. Rxe6+ Kxe6 35. Bb5 Rg7 36. Rc6+ Ke7 37. Rc7+ Kf8 38. Rc6 g5 39. Rf6+
Rf7 40. Rh6 Kg7 41. Rd6 Rxd6 42. exd6 Kf6 43. Kxd5 h5 44. Kc6 g4 45. d7 Ke7 46.
Kc7 Rf8 47. fxg4 hxg4 48. Bd3 f4 49. Bf5 g3 50. hxg3 fxg3 51. Bh3 Rd8 52. a4
Rxd7+ 53. Bxd7 g2 54. Bb5 g1=Q 55. Kb7 Kd8 56. Kxa7 Kc7 0-1

[Event "Druga liga Srbije grupa Vojvod"]
[Site "Sombor"]
[Date "2009.09.30"]
[Round "6.4"]
[White "Sevo, Dusan"]
[Black "Kotrla, Stefan"]
[Result "1/2-1/2"]
[WhiteElo "2268"]
[BlackElo "1923"]
[PlyCount "122"]
[EventDate "2009.09.27"]

1. e4 e6 2. d3 c5 3. Nf3 Nc6 4. g3 g6 5. Bg2 Bg7 6. O-O Nge7 7. Re1 O-O 8. c3
d5 9. Nbd2 b6 10. Qe2 dxe4 11. dxe4 e5 12. a4 h6 13. Rb1 Be6 14. b4 cxb4 15.
cxb4 Rc8 16. Ba3 Qd7 17. Nb3 Nd4 18. Nbxd4 exd4 19. b5 Rfd8 20. Rbc1 d3 21. Qd2
g5 22. Bb2 Bxb2 23. Qxb2 Ng6 24. Rxc8 Rxc8 25. Nd4 Rc4 26. Nc6 Rxa4 27. Rd1 a6
28. Bf1 axb5 29. Qxb5 Rc4 30. Rxd3 Qxc6 31. Rd8+ Kh7 32. Bxc4 Qxc4 33. Qxc4
Bxc4 34. Rb8 b5 35. f3 Ne5 36. Kf2 g4 37. f4 Nf3 38. e5 Nxh2 39. Kg2 Nf3 40.
Kf2 Nd4 41. Rb6 Nc2 42. f5 Nd4 43. e6 Nxf5 44. exf7 Bxf7 45. Rxb5 Kg6 46. Rb6+
Kg5 47. Rb5 h5 48. Ra5 Bg6 49. Kg2 h4 50. gxh4+ Kxh4 51. Ra4 Ne3+ 52. Kf2 Nd1+
53. Kg2 Be8 54. Ra6 Bb5 55. Rh6+ Kg5 56. Rd6 Be2 57. Rd2 Bf3+ 58. Kg3 Nc3 59.
Rd8 Kf5 60. Rf8+ Ke4 61. Rf4+ Kd3 1/2-1/2

[Event "Druga liga Srbije grupa Vojvod"]
[Site "Sombor"]
[Date "2009.09.30"]
[Round "6.5"]
[White "Stanojevic, Branko"]
[Black "Elez, Nikola"]
[Result "0-1"]
[WhiteElo "2285"]
[BlackElo "2179"]
[PlyCount "140"]
[EventDate "2009.09.27"]

1. d4 d6 2. g3 c6 3. Bg2 g6 4. Nf3 Bg7 5. c4 Bg4 6. h3 Bxf3 7. Bxf3 Qb6 8. e3
Nd7 9. Nc3 e6 10. O-O Ne7 11. Ne4 Qc7 12. b4 d5 13. cxd5 exd5 14. Nc5 O-O 15.
a4 b6 16. Nxd7 Qxd7 17. Bg4 f5 18. Bf3 a6 19. Rb1 b5 20. Ra1 Ra7 21. Qc2 Rc7
22. Bd2 Nc8 23. axb5 axb5 24. Ra6 Rf6 25. Rc1 Kh8 26. h4 Bf8 27. Be2 Na7 28.
Rca1 Be7 29. Bf3 Nc8 30. Rc1 Bd8 31. Bg2 Na7 32. Bh3 Rb7 33. Qc3 Rb6 34. Ra2
Nc8 35. e4 Nd6 36. e5 Ne4 37. Qe3 Rf7 38. Be1 Qe8 39. Ra8 Kg7 40. f3 Nd6 41.
Rxd8 Qxd8 42. exd6 Qxd6 43. Qe5+ Qf6 44. Bd2 Ra7 45. Qxf6+ Kxf6 46. g4 Ra4 47.
Kf2 Ra2 48. g5+ Kf7 49. Ke3 Rba6 50. Bf1 Rb2 51. Be1 Ra3+ 52. Rc3 Ra1 53. Bg3
Rxf1 54. Rxc6 Rb3+ 55. Ke2 Rfxf3 56. Be5 Rfe3+ 57. Kd2 Rxe5 58. dxe5 Rxb4 59.
Rf6+ Ke7 60. h5 gxh5 61. Rh6 Rg4 62. Rxh7+ Ke6 63. Rxh5 Kxe5 64. Rh8 Rxg5 65.
Rb8 Ke4 66. Rxb5 Rg2+ 67. Ke1 f4 68. Rb8 d4 69. Rb3 f3 70. Rb8 Rc2 0-1

[Event "Druga liga Srbije grupa Vojvod"]
[Site "Sombor"]
[Date "2009.09.30"]
[Round "6.5"]
[White "Indjic, Aleksandar"]
[Black "Kolognat, Petar"]
[Result "1/2-1/2"]
[WhiteElo "2119"]
[BlackElo "2305"]
[PlyCount "139"]
[EventDate "2009.09.27"]

1. d4 d5 2. Nf3 Nc6 3. Bf4 Bf5 4. c3 Qd7 5. e3 f6 6. Bb5 e6 7. Nbd2 Nge7 8. b4
g5 9. Bg3 h5 10. h3 Ng6 11. Nb3 Bd6 12. Bxd6 cxd6 13. Na5 a6 14. Bxc6 bxc6 15.
Qa4 Rc8 16. Nb3 Bd3 17. Nc1 Bb5 18. Qc2 Kf7 19. Nd3 g4 20. Nd2 e5 21. Nb2 a5
22. O-O-O axb4 23. cxb4 exd4 24. exd4 Qa7 25. hxg4 Qxd4 26. Rxh5 Qxg4 27. Rxh8
Rxh8 28. a3 Qxg2 29. Nb3 Ne5 30. Nd4 Qg5+ 31. Kb1 Bc4 32. Nxc6 Nxc6 33. Nxc4
Qf4 34. Rxd5 Rh1+ 35. Kb2 Ne7 36. Rxd6 Rh4 37. Kb3 Nf5 38. Rd7+ Ke6 39. Rd3
Nd4+ 40. Rxd4 Qxd4 41. Ne3 Qe4 42. Qc8+ Kf7 43. Qc7+ Kg6 44. Qc8 Kf7 45. Qd7+
Kg6 46. Qd6 Kf7 47. Ka4 Qa8+ 48. Kb3 Qe4 49. Qc7+ Kf8 50. Qc8+ Kf7 51. Nf5 Rh3+
52. Ka4 Qe8+ 53. Qxe8+ Kxe8 54. Nd4 Kd7 55. f3 Rh4 56. Nb3 Rf4 57. Nd2 Rd4 58.
Ne4 f5 59. Nc5+ Kc6 60. Ka5 Kd5 61. Kb5 Rf4 62. a4 Rxf3 63. a5 Rh3 64. a6 Rh8
65. a7 f4 66. Nd7 Kd6 67. Nb8 Kc7 68. a8=Q Rxb8+ 69. Qxb8+ Kxb8 70. Kc4 1/2-1/2

[Event "Druga liga Srbije grupa Vojvod"]
[Site "Sombor"]
[Date "2009.09.30"]
[Round "6.5"]
[White "Bogic, Stevan"]
[Black "Pezelj, Sinisa"]
[Result "0-1"]
[WhiteElo "2256"]
[BlackElo "2057"]
[PlyCount "74"]
[EventDate "2009.09.27"]

1. d4 c6 2. c4 d6 3. Nc3 g6 4. e4 Bg7 5. Be3 e5 6. f3 Ne7 7. Qd2 Qc7 8. O-O-O
O-O 9. dxe5 dxe5 10. Bc5 Re8 11. Bd6 Qd8 12. Qe1 Bd7 13. Qh4 Na6 14. c5 Nc8 15.
Qxd8 Rxd8 16. Bxa6 Nxd6 17. Bd3 Nc8 18. Bc4 Bf8 19. Na4 b5 20. cxb6 axb6 21.
Bb3 b5 22. Nc3 Nb6 23. Nge2 Bh6+ 24. Kc2 b4 25. Nb1 c5 26. Bd5 Nxd5 27. Rxd5
Rxa2 28. f4 Ba4+ 29. Kd3 Rxd5+ 30. exd5 Bb5+ 31. Ke3 Rxb2 32. Re1 Rxe2+ 33.
Rxe2 Bxe2 34. Kxe2 Bxf4 35. g3 Bh6 36. Kd3 Kf8 37. Kc4 e4 0-1